000 00318 a2200109 4500
001 ART_12546
005 20260410161907.0
008 260409a
245 1 0 _aMeasurement of tax progressivity
100 1 _aKakwani, N. C.
773 0 _tThe Economic Journal
_g- Vol. 87, NÂș 345 (mar. 1977)
_wREV12512
999 _c26441
_d26441